[Event "SVK-ch Seniors 50"]
[Site "Tatranske Matliare"]
[Date "2021.06.24"]
[Round "6"]
[White "Kylar, Miroslav"]
[Black "Sliva, Frantisek"]
[Result "1/2-1/2"]
[WhiteElo "1835"]
[BlackElo "1780"]
[PlyCount "115"]
[EventDate "2021.06.20"]
[EventType "swiss"]
[EventRounds "9"]
[EventCountry "SVK"]
[SourceTitle "EXT 2022"]
[Source "ChessBase"]
[SourceDate "2021.10.06"]
[SourceVersion "1"]
[SourceVersionDate "2021.10.06"]
[SourceQuality "1"]

1. Nf3 Nf6 2. c4 d5 3. cxd5 Qxd5 4. Nc3 Qd8 5. g3 b6 6. Bg2 Bb7 7. 0-0 Nbd7 8. d4 e6 9. Bf4 Nd5 10. Nxd5 exd5 11. Rc1 c5 12. dxc5 Bxc5 13. Qa4 a6 14. b4 b5 15. Qb3 Bb6 16. Qc3 0-0 17. Bc7 Qe7 18. Bxb6 Nxb6 19. Qc7 Qxc7 20. Rxc7 Rab8 21. Ne5 f6 22. Nd7 Nxd7 23. Rxd7 Rfd8 24. Rxd8+ Rxd8 25. Rd1 Kf8 26. Rd4 Ke7 27. e3 f5 28. h4 h5 29. Kf1 Ke6 30. Ke2 Rc8 31. Kd2 g6 32. Bf1 Ke5 33. Rd3 Rc7 34. Rc3 Rxc3 35. Kxc3 Bc6 36. Kd3 Bd7 37. Be2 Bc6 38. f3 Bd7 39. Kc3 Be8 40. Bd3 Bf7 41. a4 Be8 42. axb5 axb5 43. Be2 Bd7 44. Kd3 Be6 45. Bf1 Bd7 46. Bh3 Be6 47. Kc3 Bd7 48. Bf1 Bc6 49. Bd3 Be8 50. Be2 Bd7 51. Bf1 Bc6 52. Bg2 Bd7 53. Kd3 Be6 54. Kc3 Bf7 55. f4+ Kd6 56. Kd4 Be6 57. Bf3 Bf7 58. Be2 1/2-1/2

[Event "SVK-ch 50"]
[Site "Tatranske Matliare"]
[Date "2019.05.26"]
[Round "2"]
[White "Kylar, Miroslav"]
[Black "Nicolini, Alexander"]
[Result "1/2-1/2"]
[WhiteElo "1923"]
[BlackElo "2157"]
[PlyCount "54"]
[EventDate "2019.05.25"]
[EventType "swiss"]
[EventRounds "9"]
[EventCountry "SVK"]
[SourceTitle "CBM 190 Extra"]
[Source "ChessBase"]
[SourceDate "2019.07.15"]
[SourceVersion "1"]
[SourceVersionDate "2019.07.15"]
[SourceQuality "1"]

1. d4 f5 2. g3 Nf6 3. Bg2 c6 4. b3 d6 5. Nd2 e5 6. dxe5 dxe5 7. Bb2 Qc7 8. e4 Bb4 9. c3 Be7 10. Qc2 fxe4 11. Nxe4 Nbd7 12. Nf3 Nxe4 13. Qxe4 Nc5 14. Qe3 e4 15. Nd4 Nd3+ 16. Kf1 0-0 17. f4 exf3 18. Qxd3 fxg2+ 19. Kxg2 c5 20. Qc4+ Kh8 21. Rhf1 Bd7 22. Rae1 Qd6 23. Ne6 Rxf1 24. Kxf1 Re8 25. Nf4 Rf8 26. Kg1 Bf6 27. Qd5 Qxd5 1/2-1/2

[Event "Prague op-B 18th"]
[Site "Prague"]
[Date "2019.01.12"]
[Round "2"]
[White "Nemec, Jachym"]
[Black "Kylar, Miroslav"]
[Result "1-0"]
[WhiteElo "1638"]
[BlackElo "1943"]
[PlyCount "131"]
[EventDate "2019.01.11"]
[EventType "swiss"]
[EventRounds "9"]
[EventCountry "CZE"]
[SourceTitle "CBM 188 Extra"]
[Source "ChessBase"]
[SourceDate "2019.02.26"]
[SourceVersion "1"]
[SourceVersionDate "2019.02.26"]
[SourceQuality "1"]

1. d4 d5 2. c4 c6 3. cxd5 cxd5 4. Bf4 Nc6 5. Nc3 a6 6. e3 Nf6 7. Bd3 e6 8. Rc1 Bd6 9. Bxd6 Qxd6 10. f4 Bd7 11. Nf3 Ng4 12. Qe2 f5 13. h3 Nf6 14. Ne5 0-0 15. 0-0 Ne4 16. Bxe4 fxe4 17. a3 Rac8 18. Qg4 Ne7 19. Kh2 Rc7 20. Qe2 Rfc8 21. Qd2 Be8 22. g4 b5 23. Na2 Nc6 24. Rc5 Qf8 25. Kg2 Nd8 26. b4 Nb7 27. Rxc7 Rxc7 28. Rc1 Qe7 29. Rxc7 Qxc7 30. Qc1 Qxc1 31. Nxc1 Nd6 32. Nb3 Nc4 33. Nxc4 bxc4 34. Nc5 Kf7 35. Kf2 c3 36. Ke1 Bb5 37. Kd1 Bd3 38. Na4 Bf1 39. h4 Bh3 40. g5 Bf1 41. Nxc3 Kg6 42. Ne2 Kf7 43. Ke1 Bh3 44. Ng3 Bg4 45. Kd2 Ke7 46. Nf1 Bh3 47. Ng3 Bg4 48. Ne2 Bh5 49. Nc3 Be8 50. Kc2 Kf7 51. Kb3 Kg6 52. Na4 Kh5 53. Nc5 Kg4 54. Kc3 Kxh4 55. Nxe6 h5 56. Nxg7 Bf7 57. Nf5+ Kg4 58. Nh6+ Kf3 59. Nxf7 h4 60. Ne5+ Kxe3 61. g6 Kf2 62. Ng4+ Kf3 63. g7 e3 64. g8Q e2 65. Kd2 h3 66. Nh2+ 1-0

[Event "Ricany op-A"]
[Site "Ricany"]
[Date "2017.08.27"]
[Round "2"]
[White "Kuhnmund, Ivan"]
[Black "Kylar, Miroslav"]
[Result "0-1"]
[WhiteElo "1640"]
[BlackElo "1899"]
[PlyCount "74"]
[EventDate "2017.08.26"]
[EventType "swiss"]
[EventRounds "9"]
[EventCountry "CZE"]
[SourceTitle "CBM 180 Extra"]
[Source "ChessBase"]
[SourceDate "2017.10.06"]
[SourceVersion "1"]
[SourceVersionDate "2017.10.06"]
[SourceQuality "1"]

1. e4 c6 2. Nc3 d5 3. Qe2 d4 4. Nd1 e5 5. g3 Nf6 6. Bg2 Nbd7 7. d3 Be7 8. Nh3 0-0 9. 0-0 Nc5 10. f3 h6 11. Ndf2 Be6 12. f4 exf4 13. gxf4 Nh7 14. f5 Bd7 15. Kh1 f6 16. Nf4 Bd6 17. Rg1 Qc7 18. Qf3 a5 19. h4 Be8 20. Bh3 b5 21. Nh5 Bxh5 22. Qxh5 Bf4 23. Rg4 Bxc1 24. Rxc1 Kh8 25. Rcg1 Qf7 26. Rg6 Ra7 27. Qe2 Qxa2 28. Ng4 a4 29. e5 fxe5 30. Nxe5 Qd5+ 31. Bg2 Qd8 32. Qg4 Nf6 33. Qe2 Nfd7 34. Rxh6+ gxh6 35. Ng6+ Kh7 36. Nxf8+ Nxf8 37. Qg4 Rg7 0-1

[Event "Wch Seniors 50 26th"]
[Site "Marianske Lazne"]
[Date "2016.11.29"]
[Round "10"]
[White "Kylar, Miroslav"]
[Black "Petras, Milan"]
[Result "0-1"]
[WhiteElo "1851"]
[BlackElo "1969"]
[PlyCount "76"]
[EventDate "2016.11.19"]
[EventType "swiss"]
[EventRounds "11"]
[EventCountry "CZE"]
[SourceTitle "CBM 175 Extra"]
[Source "ChessBase"]
[SourceDate "2016.12.12"]
[SourceVersion "1"]
[SourceVersionDate "2016.12.12"]
[SourceQuality "1"]

1. d4 Nf6 2. c4 e6 3. Nc3 d5 4. cxd5 exd5 5. Bg5 Be7 6. e3 0-0 7. Bd3 c6 8. Qc2 Nbd7 9. Nf3 Re8 10. 0-0 Nf8 11. h3 g6 12. Rab1 Ne4 13. Bf4 Nxc3 14. Qxc3 a5 15. a4 Ne6 16. Be5 f6 17. Bg3 Ng7 18. Rfe1 Bb4 19. Qb3 Bxe1 20. Rxe1 Kh8 21. Bh4 g5 22. Bg3 Re7 23. Qc2 h6 24. e4 dxe4 25. Bxe4 Be6 26. Qc5 Bd5 27. Bxd5 Rxe1+ 28. Nxe1 Qxd5 29. Qb6 Re8 30. Nc2 Re7 31. Ne3 Qd7 32. d5 cxd5 33. Qxf6 d4 34. Qxh6+ Kg8 35. Ng4 Re6 36. Nf6+ Rxf6 37. Qxf6 d3 38. Kf1 d2 0-1

[Event "Wch Seniors 50 26th"]
[Site "Marianske Lazne"]
[Date "2016.11.22"]
[Round "4"]
[White "Tiedt, Gunter"]
[Black "Kylar, Miroslav"]
[Result "1-0"]
[WhiteElo "2020"]
[BlackElo "1851"]
[PlyCount "99"]
[EventDate "2016.11.19"]
[EventType "swiss"]
[EventRounds "11"]
[EventCountry "CZE"]
[SourceTitle "CBM 175 Extra"]
[Source "ChessBase"]
[SourceDate "2016.12.12"]
[SourceVersion "1"]
[SourceVersionDate "2016.12.12"]
[SourceQuality "1"]

1. e4 d5 2. exd5 Qxd5 3. Nc3 Qd6 4. d4 Nf6 5. Bc4 Bg4 6. f3 Bf5 7. Nge2 e6 8. Bf4 Qb4 9. Bd3 Bxd3 10. Qxd3 Bd6 11. Qb5+ Qxb5 12. Nxb5 Bxf4 13. Nxf4 Na6 14. 0-0-0 0-0 15. Nc3 c6 16. Ne4 Nd5 17. Nxd5 cxd5 18. Nc3 Rac8 19. f4 g6 20. g4 Nc7 21. h4 f5 22. g5 Ne8 23. h5 Nd6 24. Rh2 Ne4 25. Ne2 Kg7 26. Rd3 Rh8 27. Rdh3 a6 28. Ng1 Nd6 29. Nf3 Nf7 30. Ne5 Nxe5 31. dxe5 b5 32. hxg6 hxg6 33. Rxh8 Rxh8 34. Rxh8 Kxh8 35. Kd2 Kg8 36. Kd3 Kf8 37. Kd4 Ke8 38. Kc5 Kd7 39. Kb6 b4 40. c3 bxc3 41. bxc3 a5 42. Kxa5 Kc6 43. Kb4 Kb6 44. a4 Ka6 45. a5 Kb7 46. Kb5 Ka7 47. a6 Kb8 48. Kc6 Ka7 49. Kd6 Kxa6 50. Kxe6 1-0

[Event "Prague op-B 14th"]
[Site "Prague"]
[Date "2015.01.12"]
[Round "5"]
[White "Kylar, Miroslav"]
[Black "Pribyl, Viktor"]
[Result "1/2-1/2"]
[WhiteElo "1899"]
[BlackElo "1533"]
[PlyCount "50"]
[EventDate "2015.01.09"]
[EventType "swiss"]
[EventRounds "9"]
[EventCountry "CZE"]
[SourceTitle "CBM 164 Extra"]
[Source "ChessBase"]
[SourceDate "2015.03.02"]
[SourceVersion "1"]
[SourceVersionDate "2015.03.02"]
[SourceQuality "1"]

1. d4 Nf6 2. c4 g6 3. Nc3 d5 4. cxd5 Nxd5 5. e4 Nxc3 6. bxc3 Bg7 7. Bg5 c5 8. Rc1 0-0 9. d5 h6 10. Be3 Qa5 11. Qd2 Kh7 12. Nf3 Bg4 13. Be2 Nd7 14. Ng5+ hxg5 15. Bxg4 Nf6 16. Bf3 g4 17. e5 gxf3 18. exf6 fxg2 19. Rg1 exf6 20. Rxg2 Rfe8 21. Rg3 f5 22. Kf1 Rh8 23. Rh3+ Kg8 24. Rxh8+ Bxh8 25. c4 Qxd2 1/2-1/2

[Event "Prague op-B 12th"]
[Site "Prague"]
[Date "2013.??.??"]
[Round "3"]
[White "Kylar, Miroslav"]
[Black "Hollan, Martin"]
[Result "0-1"]
[WhiteElo "1927"]
[BlackElo "1728"]
[PlyCount "69"]
[EventDate "2013.01.09"]
[EventType "swiss"]
[EventRounds "9"]
[EventCountry "CZE"]
[SourceTitle "CBM 152 Extra"]
[Source "ChessBase"]
[SourceDate "2013.02.25"]
[SourceVersion "1"]
[SourceVersionDate "2013.02.25"]
[SourceQuality "1"]

1. d4 Nf6 2. c4 e6 3. Nc3 b6 4. Bg5 Be7 5. e3 Bb7 6. Nf3 d6 7. Bd3 Nbd7 8. 0-0 h6 9. Bxf6 Nxf6 10. e4 0-0 11. Re1 Nd7 12. Rc1 f5 13. Bc2 e5 14. Ba4 exd4 15. Nxd4 Bg5 16. Rc2 Nc5 17. Bb5 Bf6 18. Nc6 Bxc6 19. Bxc6 Bxc3 20. Rxc3 Rb8 21. Ree3 Nd7 22. Rg3 Ne5 23. Ba4 Qe7 24. f4 Ng6 25. Qf3 Qf6 26. exf5 Ne5 27. Qh5 Nxc4 28. Rxc4 b5 29. Bxb5 Rxb5 30. b3 Qa1+ 31. Kf2 Qxa2+ 32. Ke1 Rxb3 33. Rxb3 Qxb3 34. Rxc7 Qb1+ 35. Kf2 0-1

[Event "Rychnov op"]
[Site "Rychnov nad Kneznou"]
[Date "2010.08.29"]
[Round "7"]
[White "Stuchly, Jaroslav"]
[Black "Kylar, Miroslav"]
[Result "1/2-1/2"]
[WhiteElo "1926"]
[BlackElo "1996"]
[PlyCount "58"]
[EventDate "2010.08.23"]
[EventType "swiss"]
[EventRounds "7"]
[EventCountry "CZE"]
[SourceTitle "CBM 138 Extra"]
[Source "ChessBase"]
[SourceDate "2010.10.29"]
[SourceVersion "1"]
[SourceVersionDate "2010.10.29"]
[SourceQuality "1"]

1. c4 e5 2. Nc3 Nf6 3. g3 Bb4 4. d3 Nc6 5. Bg2 0-0 6. Nf3 Re8 7. 0-0 Bxc3 8. bxc3 d6 9. Rb1 Rb8 10. Bg5 h6 11. Bxf6 Qxf6 12. Nd2 Bd7 13. Ne4 Qe7 14. e3 Nd8 15. Rb2 f5 16. Nd2 Bc6 17. Bd5+ Kh8 18. Bxc6 Nxc6 19. Qa4 a6 20. Rfb1 Nd8 21. Nf3 Rf8 22. Nh4 Kh7 23. Ng2 Qe8 24. Qc2 b6 25. d4 e4 26. Nf4 Ne6 27. Nxe6 Qxe6 28. c5 dxc5 29. dxc5 Qc6 1/2-1/2

[Event "Rychnov op"]
[Site "Rychnov nad Kneznou"]
[Date "2010.08.23"]
[Round "1"]
[White "Wiedermann, Jan"]
[Black "Kylar, Miroslav"]
[Result "1-0"]
[WhiteElo "1765"]
[BlackElo "1996"]
[PlyCount "27"]
[EventDate "2010.08.23"]
[EventType "swiss"]
[EventRounds "7"]
[EventCountry "CZE"]
[SourceTitle "CBM 138 Extra"]
[Source "ChessBase"]
[SourceDate "2010.10.29"]
[SourceVersion "1"]
[SourceVersionDate "2010.10.29"]
[SourceQuality "1"]

1. d4 d5 2. c4 c6 3. Nc3 Nf6 4. e3 e6 5. Nf3 Nbd7 6. Bd2 b6 7. a3 Ba6 8. Qa4 Qc8 9. Rc1 dxc4 10. Bxc4 b5 11. Nxb5 Nb6 12. Qxa6 Nxc4 13. Rxc4 Rb8 14. Qxc8+ 1-0